| 000 | 00549nam a2200217 a 4500 | ||
|---|---|---|---|
| 001 | 0001-2201 | ||
| 003 | ELIB.Books | ||
| 008 | 190803 2010 eng | ||
| 020 | _a13: 9781881273158 | ||
| 092 |
_a301.42 _bCha |
||
| 100 | _aChapman, Gary. | ||
| 245 | _aThe Five Love Languages | ||
| 260 |
_aChicago _bNorthfield Publishing _c2004 |
||
| 300 |
_a203 _c23cm |
||
| 650 | _aSocial | ||
| 856 |
_nKBTS Library _uKBTS Elib |
||
| 942 |
_2ddc _cBK |
||
| 990 | _a1 | ||
| 998 |
_aEnglishbooks.elf _ccat _e2019-08-03 |
||
| 999 |
_c12201 _d12201 |
||